000 00903nam a2200301 a 4500
001 vtls000925298
003 NLI
005 20210627083827.0
008 110906s1945 nyu 001 0 eng
039 9 _y201109062154
_zVargis_01
040 0 _aNLI
_beng
_cVergis_S
_eAACR2
041 0 _aeng
044 _anyu
084 _a148
100 1 _aEagleton, Clyde
_9854423
245 1 4 _aThe forces that shape our future /
_cby Clyde Eagleton
260 _aNew York :
_bNew york University Press,
_c1945
300 _a200 p. ;
_c21 cm.
500 _aIncludes index
650 0 _aInternational organization
_9694698
651 0 _aUnited States
_xEconomic policy
651 0 _aUnited States
_xPolitics and government
_9679132
887 _a
901 _a30361
_b05.12.1949
902 _a148 B 1465
949 _AVIRTUAITEM
_D10000
_X100
_6PUR000030361ENG
942 _2ddc
_cBKS
999 _aVIRTUA
_c737814
_d737814